| 000 | 00624nam a22001457a 4500 | ||
|---|---|---|---|
| 003 | OSt | ||
| 005 | 20240403110724.0 | ||
| 008 | 240403b |||||||| |||| 00| 0 eng d | ||
| 040 | _cCentral Library MRSPTU | ||
| 100 | _aHimat Singh | ||
| 245 |
_aEk Vigyani Adhiatamveta Bh. Sher Singh 'Kashmir' (ਇਕ ਵਿਗਿਆਨੀ ਅਧਿਆਤਮਵੇਤਾ ਭਾਈ ਸਾਹਿਬ ਸ਼ੇਰ ਸਿੰਘ ਕਸ਼ਮੀਰ) _b (Jeewan Viaktitav Ate Rachna Saroop (ਜੀਵਨ, ਵਿਅਕਤਿਤਵ ਅਤੇ ਰਚਨਾ-ਸਰੂਪ) |
||
| 260 |
_aPatiala _bGracious Books _c2019 |
||
| 300 | _a216 | ||
| 942 |
_2ddc _cBK _n0 |
||
| 999 |
_c9956 _d9956 |
||